Statistics for David Beckham Superquiz

Click here to take the quiz!

General Stats

  • This quiz has been taken 736 times
    (136 since last reset)
  • The average score is 18 of 30

Answer Stats

HintAnswer% Correct
Club 1Manchester United
90%
CountryEngland
88%
Club 3Real Madrid
87%
Club 4Los Angeles Galaxy
85%
With which number is Beckham most associated?7
84%
Club 6Paris Saint-Germain
82%
Club 5 (loan)AC Milan
79%
Date of Birth2nd {May} 1975
76%
WifeVictoria
76%
Clubs he co-ownsInter Miami
72%
Beckham has over 65 what on his body?Tattoos
69%
Following an FA Cup defeat to Arsenal in 2003, Sir Alex Ferguson is alleged to have accidentally kicked what object into Beckham's head?Football boot
68%
Against which country did he score a stoppage-time free kick, consequently sealing his country's place at the 2002 FIFA World Cup?Greece
64%
David Beckham has scored the most what in Premier League history?Free kicks
60%
Which player was David Beckham sent off for kicking at the 1998 FIFA World Cup?Diego Simeone
56%
Child 1Brooklyn
55%
Club 2 (Loan)Preston North End
55%
Place of BirthLeytonstone, {London}, England
54%
He was part of the team that helped deliver which major sporting event to the City of London?2012 Olympic Games
53%
Child 2Romeo
53%
What are David Beckham's two nicknames?Becks
47%
Which royal honour did he receive in 2003?OBE
41%
"Take a bow, David Beckham!" is a famous line of commentary following his goal from the halfway line against which team?Wimbledon
40%
Child 3Cruz
39%
What are David Beckham's two nicknames?Golden {Balls}
36%
Child 4Harper
35%
Beckham's father gave him the middle name Robert, in tribute to which legendary footballer?Sir Bobby Charlton
35%
Clubs he co-ownsSalford City
32%
He made his international début in 1996, against which country?Moldova
25%
Which manager handed Beckham the captaincy in 2000?Peter Taylor
15%

Score Distribution

Percentile by Number Answered

Percent of People with Each Score

Your Score History

You have not taken this quiz since the last reset